<The> Financial crisis and international trade facilitation programmes

Finančná kríza a Európska banka pre obnovu a rozvoj (European Bank for Reconstruction and Development - EBRD). EBRD a program na podporu obchodu. Finančný program IFC (International Finance Corporation) pre globálny obchod (GTFP).

Salvato in:
Dettagli Bibliografici
Autore principale: Jančíková, Eva, 1960-
Natura: Capitolo di libro
Lingua:inglese
Soggetti:
Tags: Aggiungi Tag
Nessun Tag, puoi essere il primo ad aggiungerne!!

MARC

LEADER 00000naa$a2200000$$$4500
001 0151714
005 20240502083345.7
041 0 |a eng 
044 |a RU 
245 1 0 |a <The> Financial crisis and international trade facilitation programmes  |c Eva Jančíková 
520 |a Finančná kríza a Európska banka pre obnovu a rozvoj (European Bank for Reconstruction and Development - EBRD). EBRD a program na podporu obchodu. Finančný program IFC (International Finance Corporation) pre globálny obchod (GTFP). 
610 2 0 |a kríza finančná 
610 2 0 |a obchod medzinárodný 
610 2 0 |a financovanie obchodu zahraničného 
100 1 |a Jančíková, Eva, 1960-